书目信息 |
| 题名: |
数字媒体技术导论
|
|
| 作者: | 陈迪 , 王忠华 , 刘清堂 主编 | |
| 分册: | ||
| 出版信息: | 北京 清华大学出版社 2008.03 |
|
| 页数: | 10,322页 | |
| 开本: | 26cm | |
| 丛书名: | ||
| 单 册: | ||
| 中图分类: | TP37 | |
| 科图分类: | ||
| 主题词: | 多媒体 , 数字技术--多媒体--高等学校--教材 , 数字技术 | |
| 电子资源: | ||
| ISBN: | 978-7-302-16811-9 | |
| 000 | 01035nam0 2200301 450 | |
| 001 | 1162080115 | |
| 005 | 20181218082527.35 | |
| 010 | @a978-7-302-16811-9@dCNY32.00 | |
| 090 | @aTP37@blqt | |
| 096 | @aTP37@blqt | |
| 100 | @a20080422d2008 em y0chiy50 ea | |
| 101 | 0 | @achi |
| 102 | @aCN@b110000 | |
| 105 | @ay z 000yy | |
| 200 | 1 | @a数字媒体技术导论@9shu zi mei ti ji shu dao lun@b专著@f刘清堂,王忠华,陈迪主编 |
| 210 | @a北京@c清华大学出版社@d2008.03 | |
| 215 | @a10,322页@d26cm | |
| 300 | @a21世纪高等学校数字媒体专业规划教材 | |
| 330 | @a本书介绍数字媒体技术的概念、原理及其典型的技术方法和系统。内容包括:数字媒体技术概论、数字音频技术基础、数字图像的处理技术、数字视频及编辑、数字动画技术等。 | |
| 606 | 0 | @a多媒体 |
| 606 | 0 | @a数字技术@x多媒体@x高等学校@j教材 |
| 606 | 0 | @a数字技术 |
| 690 | @aTP37@v4 | |
| 701 | 0 | @a陈迪@9chen di@4主编 |
| 701 | 0 | @a王忠华@f(1970~)@9wang zhong hua@4主编 |
| 701 | 0 | @a刘清堂@f(1969~)@9liu qing tang@4主编 |
| 801 | 0 | @aCN@b110019@c20080325 |
| 905 | @aZUCC@dTP37@eC393 | |
| 数字媒体技术导论/刘清堂,王忠华,陈迪主编.-北京:清华大学出版社,2008.03 |
| 10,322页;26cm |
| 21世纪高等学校数字媒体专业规划教材 |
| ISBN 978-7-302-16811-9:CNY32.00 |
| 本书介绍数字媒体技术的概念、原理及其典型的技术方法和系统。内容包括:数字媒体技术概论、数字音频技术基础、数字图像的处理技术、数字视频及编辑、数字动画技术等。 |
| ● |
| 相关链接 |
|
|
|
正题名:数字媒体技术导论
索取号:TP37/C393
 
预约/预借
| 序号 | 登录号 | 条形码 | 馆藏地/架位号 | 状态 | 备注 |
| 1 | 1301470 | 213014708 | 自科库301/301自科库 93排1列5层/ [索取号:TP37/C393] | 在馆 | |
| 2 | 472365 | 204723656 | 自科二线404/301自科库 59排2列3层/ [索取号:TP37/C393] | 在馆 | |
| 3 | 472366 | 204723665 | 自科库301/301自科库 93排1列5层/ [索取号:TP37/C393] | 在馆 | |
| 4 | 472367 | 204723674 | 自科二线404/301自科库 59排2列3层/ [索取号:TP37/C393] | 在馆 |